| 000 | 00730 a2200217 4500 | ||
|---|---|---|---|
| 005 | 20260417124103.0 | ||
| 008 | 260417b |||||||| |||| 00| 0 eng d | ||
| 020 | _a9780230110953 | ||
| 037 | _cTB | ||
| 040 |
_aCRL _cCRL |
||
| 041 |
_2eng _aeng |
||
| 084 |
_aV791:19 Q1 _qCRL |
||
| 245 |
_aLatin American foreign policies: _bBetween ideology and pragmatism |
||
| 260 |
_bPalgrave Macmillan, _c2011. _aNew York, India: |
||
| 300 | _a272p. | ||
| 365 |
_b5380.92 _cINR |
||
| 650 |
_aLatin America-Foreign Relations _91235032 |
||
| 700 |
_aGardini, Gian Luca _eEditor, _91235033 |
||
| 942 |
_cTB _2CC _hV791:19 Q1 |
||
| 999 |
_c1679775 _d1679775 |
||